• 首页
  • 本馆介绍
  • 公告通知
  • 最新文献
  • 馆藏检索
  • 电子资源
  • 读者导购
  • 参考咨询
  • 我的图书馆
  • 登录
  • 详细信息显示
  • 放入我的书架
  • 预约/预借图书
  • 作者相关作品
  • 分类相关作品
  • 丛书相关作品
  • 出版社相关作品

书目信息

  • 表格格式
  • 工作单格式
  • 卡片格式
题名:
数码单反摄影用光与后期编修, 一本就够
    
 
作者: ;黑冰摄影 编著
分册:  
出版信息: 北京   电子工业出版社  2011.10
页数: 236页, [10] 页图版
开本: 26cm
丛书名:
单 册:
中图分类: J41 , TB86
科图分类:
主题词: 数字照相机--单镜头反光照相机--摄影技术
电子资源:
ISBN: 978-7-121-14279-6
000 01261nam0 2200241 45
001 1360556843
005 20130603091315.15
010    @a978-7-121-14279-6@dCNY65.00
100    @a20130513d2011 em y0chiy0121 ea
101 0  @achi
102    @aCN@b110000
105    @aaf z 000yy
106    @ar
200 1  @a数码单反摄影用光与后期编修, 一本就够@AShu Ma Dan Fan She Ying Yong Guang Yu Hou Qi Bian Xiu , Yi Ben Jiu Gou@f黑冰摄影编著@FHei Bing She Ying Bian Zhu
210    @a北京@c电子工业出版社@d2011.10
215    @a236页, [10] 页图版@c彩图@d26cm@e附光盘1片
330    @a本书是一本讲解用光摄影知识的图书。全书可分为理论知识、相机设置、实拍技巧及后期处理4个部分, 从而真正做到从前期准备到中期拍摄, 再到后期处理的完整知识结构, 实现学习人像摄影, 一本就够! 本书还附送了一张DVD光盘, 其中包括了本书佳能数码单反相机使用视频教学、尼康数码单反相机使用视频教学、数码照片后期修饰与处理视频教学、数码单反摄影常见问答150例、数码单反相机镜头宝典, 以及本书讲解的所有后期处理实例的素材及最终效果文件, 从而帮助读者更快速、更具象地学习器材使用及摄影技巧等知识。
606 0  @a数字照相机@x单镜头反光照相机@x摄影技术
690    @aJ41@v5
690    @aTB86@v5
711 02 @a黑冰摄影@AHei Bing She Ying@4编著
801    @aCN@bTANGWEI@c20130523
905    @b0835393-97@dJ41@e281@f5
    
    数码单反摄影用光与后期编修, 一本就够/黑冰摄影编著.-北京:电子工业出版社,2011.10
    236页, [10] 页图版:彩图;26cm+附光盘1片
    
    
    ISBN 978-7-121-14279-6:CNY65.00
    本书是一本讲解用光摄影知识的图书。全书可分为理论知识、相机设置、实拍技巧及后期处理4个部分, 从而真正做到从前期准备到中期拍摄, 再到后期处理的完整知识结构, 实现学习人像摄影, 一本就够! 本书还附送了一张DVD光盘, 其中包括了本书佳能数码单反相机使用视频教学、尼康数码单反相机使用视频教学、数码照片后期修饰与处理视频教学、数码单反摄影常见问答150例、数码单反相机镜头宝典, 以及本书讲解的所有后期处理实例的素材及最终效果文件, 从而帮助读者更快速、更具象地学习器材使用及摄影技巧等知识。
●
相关链接 在E读中查询图书 在五车中查询图书 在当当中查询图书 在豆瓣中查询图书


正题名:数码单反摄影用光与后期编修, 一本就够     索取号:J41/281         预约/预借

序号 登录号 条形码 馆藏地/架位号 状态 备注
1 0835393   208353930   第一样本阅览室/ [索取号:J41/281] 在馆    
2 0835394   208353949   第一借阅区/ [索取号:J41/281] 在馆    
3 0835395   208353958   第一借阅区/ [索取号:J41/281] 在馆    
4 0835396   208353967   第一借阅区/ [索取号:J41/281] 在馆    
5 0835397   208353976   第一借阅区/ [索取号:J41/281] 在馆    
唐山师范学院图书馆 欢迎您!
大连网信软件有限公司© 版权所有